| 000 | 00429nam a2200157 i 4500 | ||
|---|---|---|---|
| 001 | 87041 | ||
| 003 | ES-MaACL | ||
| 005 | 20230906175558.0 | ||
| 007 | t| | ||
| 008 | 041217s1976 sp ||||1| spa d | ||
| 100 | 1 |
_aKlüberg, Jans. _968304 |
|
| 245 | 1 | 0 |
_aMártires de Varsovia / _cJans Klüberg. |
| 260 |
_aBarcelona : _bProducciones Editoriales, _c[1976] |
||
| 300 |
_a176 p. ; _c20 cm. |
||
| 852 |
_aES-MaACL _jA-5839 _bR.94820 |
||
| 999 |
_c87041 _d87041 |
||